Existencia cristiana según el Nuevo Testamento

Guardat en:
Dades bibliogràfiques
Autor principal: Schnackenburg, Rudolf (Autor)
Format: Llibre
Idioma:espanyol
Publicat: Pamplona Verbo Divino 1973
Edició:2a. ed
Col·lecció:Colección Biblia y Kerigma
Matèries:
Etiquetes: Afegir etiqueta
Sense etiquetes, Sigues el primer a etiquetar aquest registre!

MARC

LEADER 00000cam a2200000 a 4500
001 UCL1526
003 CL-VaPUC
008 030911e19730000SP |||||||||||||||||spa|d
020 |a 8471511258 
082 0 4 |a 225  |b SCH  |2 21 
100 0 |a Schnackenburg, Rudolf  |e author  |9 478412 
245 1 0 |a Existencia cristiana según el Nuevo Testamento 
250 |a 2a. ed 
300 |a 413 p 
942 |c BK 
945 |d 20030911 00:00:00  |a vberengu 
260 |a Pamplona  |b Verbo Divino  |c 1973 
650 0 |a Biblia  |9 257603 
650 0 |a Nuevo testamento  |9 257604 
650 0 |a Textos sagrados   |9 257605 
650 0 |a Evangelios  |9 314864 
583 |a last modification  |c 20150708 02:25:19  |k Rodrigo Vera 
490 0 |a Colección Biblia y Kerigma 
999 |c 305062  |d 305060 
952 |0 0  |1 0  |4 0  |6 225_000000000000000_SCH_1973  |7 0  |8 A  |9 368012  |a BIBTEO  |b BIBTEO  |d 2019-11-21  |i 2077469  |o 225 SCH 1973  |p 2077469  |r 2025-01-17  |w 2019-11-21  |y BK  |k ICR 
952 |0 0  |1 0  |3 erb  |4 0  |6 225_000000000000000_SCH_1973  |7 0  |8 A  |9 368013  |a BIBTEO  |b BIBTEO  |e Casale Rolle, Carlos Ignacio, -2014  |i 5181429  |o 225 SCH 1973  |p 5181429  |r 2025-01-17  |w 2019-11-21  |y BK  |z Catalogado en:20150710  |k ICR